000 00612nam a22002057a 4500
005 20240927151518.0
010 _aENG-141822
020 _c795.00
_a9788186772812
035 _aEN-125354
037 _bDBAD/PUB
082 _a155.67
100 _aSINGH VINITA
_972135
245 _aFIGHTING OLD AGE:
_bby nutrition/
_cBy Vinita Singh
250 _a1
260 _aNew Delhi
_bNew Academic Publishers
_c2015
270 _bNew Delhi
_a4760-61,23, Ansari Road Daryaganj
_e110002
300 _a117vpp.
_c22cm(pbk)
700 _aKunwar neelma
_eauthour
_972136
942 _2ddc
_cEN
_h155.67
_mVIN
999 _c205984
_d205984